01026nam a2200265Ia 4500001000600000003000900006008004100015040001300056040001300069041001300082100001100095100002900106245005600135245005600191250001100247260001000258260002100268260004900289300005700338500026100395650002400656650003100680700002000711700002900731B3296IT-RoPAU130308s9999 xx 000 0 und d aIT-RoPAU cIT-RoPAU aFRANCESE aAA.VV. gCodice Aut. SPICS: 12000 aAnalyse du langage theologique (L'): le nom de Dieu bAnalyse Du Langage Theologique (L'): le Nom de Dieu a1a ed. aPARIS bAubier Montaigne c1969 [1° Ed.:1969 - Ed.Ling.Originale:1969] a"528 p. (prefazione: no ; testo: 528 [pagine: 0-0])" aAnalisi del Linguaggio Teologico: Il Nome di Dio. Atti del Colloquio Organizzato dal Centro internazionale di Studi Umanistici e Dall'Istituto di Studi Filosofici di Roma 5/11 Gennaio 1969. Introduzione e cura di Enrico Castelli. contributi di Autori Vari. aPASTORALE E CULTURE eCodice materia Spics: 9302 aCastelli Enrico gCodice Aut. SPICS: 32074